Short-circuit currents in three-phase networks
Uloženo v:
| Hlavní autor: | |
|---|---|
| Médium: | Kniha |
| Jazyk: | angličtina |
| Vydáno: |
Londres
Pitman
1972
Londres Siemens Aktiengesellschaft 1972 |
| Témata: | |
| Tagy: |
Přidat tag
Žádné tagy, Buďte první, kdo vytvoří štítek k tomuto záznamu!
|
MARC
| LEADER | 00000nam a2200000 a 4500 | ||
|---|---|---|---|
| 001 | UCU5269 | ||
| 003 | CL-VaPUC | ||
| 008 | 960531e19720000uk |||||||||||||||||eng|d | ||
| 082 | 0 | 4 | |a 621.319 |b ROE |2 21 |
| 100 | 0 | |a Roeper, Richar |e author |9 363191 | |
| 245 | 1 | 0 | |a Short-circuit currents in three-phase networks |
| 300 | |a 96 p | ||
| 942 | |c BK | ||
| 945 | |d 19960531 00:00:00 |a paguirre | ||
| 260 | |a Londres |b Pitman |c 1972 | ||
| 260 | |a Londres |b Siemens Aktiengesellschaft |c 1972 | ||
| 650 | 0 | |a Circuitos eléctricos |9 260262 | |
| 650 | 0 | |a Corrientes eléctricas |9 354960 | |
| 650 | 0 | |a Electricidad |9 260222 | |
| 650 | 0 | |a Energía eléctrica |9 256678 | |
| 583 | |a last modification |c 20171205 10:49:04 |k Rodrigo Vera | ||
| 999 | |c 248688 |d 248686 | ||
| 952 | |0 0 |1 0 |4 0 |6 621_319000000000000_ROE_1972_1972 |7 0 |8 A |9 265478 |a BIBING |b BIBING |d 2019-11-19 |i 1671294 |o 621.319 ROE 1972 1972 |p 1671294 |r 2025-01-20 |w 2019-11-19 |y BK |k EIE | ||